000 00415nmm a2200157Ia 4500
008 251105s9999||||xx |||||||||||||||||und||
041 _aspa
100 _aWallace, Barbara
245 0 _aPor fin... la felicidad
264 _a[Madrid, España] :
_bHarlequin,
_c2012
300 _a160 páginas
490 _aJazmín
650 _aRomance
856 _uhttps://public.digitaliapublishing.com/a/50200
942 _cCF
999 _c99635
_d99635